Maitrisez-vous les fuseaux horaires ? Facile 1 - Statistiques

Statistiques générales
  • Ce quiz a été pris 36 fois
  • Le résultat moyen est 4 sur 20
Statistiques - réponses
Hint Réponse % Correct
Zurich Midi
48%
Dublin 11 heures
44%
Paris (Canada) 6 heures
44%
Koweit City 13 heures
33%
Auckland 22 heures
33%
Buenos Aires 7 heures
26%
Libreville 11 heures
22%
Panama 5 heures
22%
Nairobi 13 heures
19%
Jakarta 17 heures
19%
La Paz 6 heures
19%
Hong-Kong 18 heures
15%
Vancouver 3 heures
15%
Phnom Penh 17 heures
11%
Mexico 4 heures
11%
Bangui 11 heures
7%
Tokyo 19 heures
7%
Vladivostok 20 heures
7%
Melbourne 20 heures
4%
Santiago du Chili Minuit
4%
Aucun quiz correspondant
Distribution des résultats
% des personnes avec chaque résultat
Percentile par nombre de réponses
Votre historique - résultats
Vous n’avez pas pris ce quiz